Memoirs of a revolutionary 1901-1941 (Record no. 416032)

000 -LEADER
fixed length control field 00471cam a22001337a 4500
008 - FIXED-LENGTH DATA ELEMENTS--GENERAL INFORMATION
fixed length control field 180718b1963 xxu||||| |||| 00| 0 eng d
082 ## - DEWEY DECIMAL CLASSIFICATION NUMBER
Classification number A99 Sl66
100 ## - MAIN ENTRY--PERSONAL NAME
Personal name Serge, Victor
245 ## - TITLE STATEMENT
Title Memoirs of a revolutionary 1901-1941
Statement of responsibility, etc. by Victor Serge and edited and translated by Peter Sedgwick
260 ## - PUBLICATION, DISTRIBUTION, ETC.
Place of publication, distribution, etc. New York
Name of publisher, distributor, etc. Oxford University
Date of publication, distribution, etc. 1963
300 ## - PHYSICAL DESCRIPTION
Extent xxiv,401p
650 ## - SUBJECT ADDED ENTRY--TOPICAL TERM
Topical term or geographic name entry element Revolutionaries -Russia -Correspondence.Soviet Union -History.
700 ## - ADDED ENTRY--PERSONAL NAME
Personal name Sedgwick, Peter.ed,tr
Holdings
Withdrawn status Lost status Damaged status Not for loan Permanent Location Current Location Date acquired Full call number Barcode Date last seen Price effective from Koha item type
        Indian Institute of Public Administration Indian Institute of Public Administration 2009-03-09 A99 Sl66 34891 2018-07-21 2018-07-21 Book

Powered by Koha